University Home | Library Home | Institutional Repository

Broadcast videotape recording kechnology / (Record no. 59526)

MARC details
000 -LEADER
fixed length control field 00545cam1a220018100 4500
001 - CONTROL NUMBER
control field tmp15890573
003 - CONTROL NUMBER IDENTIFIER
control field UPRA
005 - DATE AND TIME OF LATEST TRANSACTION
control field 20190815094400.0
008 - FIXED-LENGTH DATA ELEMENTS--GENERAL INFORMATION
fixed length control field 951109s1985 yu eng u
035 ## - SYSTEM CONTROL NUMBER
System control number (Sirsi) r75156
035 ## - SYSTEM CONTROL NUMBER
System control number (UPRA)tmp15890573
040 ## - CATALOGING SOURCE
Transcribing agency UPRA
100 1# - MAIN ENTRY--PERSONAL NAME
Personal name Todorovic, Aleksandar.
Linkage A35650.1
245 10 - TITLE STATEMENT
Title Broadcast videotape recording kechnology /
Statement of responsibility, etc. by Aleksandar Todorvic, Richard Klajn.
260 ## - PUBLICATION, DISTRIBUTION, ETC.
Place of publication, distribution, etc. Belgrade :
Name of publisher, distributor, etc. Gostav Radiotelevision,
Date of publication, distribution, etc. 1985.
949 ## - LOCAL PROCESSING INFORMATION (OCLC)
a (O2) 1985/35
w lcc
m MAIN
t BOOK
l ON-SHELF

No items available.

© 2026 - The University of Zambia Library - Koha v25.11